000 01288 a2200241 4500
003 Nust
005 20220819110717.0
010 _a 97148990
020 _a1555581757
040 _cNust
082 0 0 _a005.3,COL
100 1 _aCollin, S. M. H.,
_994137
245 1 2 _aA complete guide to Lotus Notes 4.5 /
_cSimon Collin.
260 _aBoston :
_bDigital Press,
_cc1997.
300 _ax, 322 p. :
_bill. ;
_c24 cm.
505 _aIntroduction: an overview of Lotus Notes 4(Page-1), Quick start to using Notes(Page-5), Hardware requirements (Page-45), Operating system software (Page-63), Networking Notes (Page-75), Remote access to Notes (Page-85), How Notes distributes information (Page-107), How Notes sees the world (Page-121), Managing Notes (Page-131), Electronic mail and communications (Page-167), Notes and the Internet (Page-185), Agents and automation (Page-197), Creating Notes applications (Page-203), Programming skills (Page-245), Setting up Notes (Page-257), Domino Server (Page-279).
650 0 _aBusiness
_xComputer programs.
_919731
650 0 _aDatabase management
_xComputer programs.
_998222
650 0 _aElectronic mail systems.
_995299
650 0 _aGroupware (Computer software)
_998223
650 0 _aWeb servers
_995902
942 _2ddc
_cBK
_k005.3,COL
999 _c180389
_d180389